[Event "UKR-ch sf op"]
[Site "Alushta"]
[Date "2001.??.??"]
[Round "?"]
[White "Tokmina, Petr"]
[Black "Bondarchuk, Sergei"]
[Result "0-1"]
[WhiteElo "2447"]
[BlackElo "2328"]
[PlyCount "94"]
[EventDate "2001.04.17"]
[EventType "swiss"]
[EventRounds "9"]
[EventCountry "UKR"]
[SourceTitle "EXT 2003"]
[Source "ChessBase"]
[SourceDate "2002.11.25"]
[SourceVersion "1"]
[SourceVersionDate "2002.11.25"]
[SourceQuality "1"]

1. e4 c5 2. c3 d5 3. exd5 Qxd5 4. d4 Nc6 5. Nf3 Bg4 6. Be2 cxd4 7. cxd4 e6 8. Nc3 Qa5 9. 0-0 Nf6 10. h3 Bh5 11. a3 Bd6 12. b4 Qd8 13. Be3 0-0 14. Qb3 Rc8 15. Rad1 Nd5 16. Nxd5 exd5 17. Rc1 Bb8 18. Rc5 Ne7 19. Rfc1 Qd6 20. g3 Rcd8 21. Kg2 Nf5 22. Bf4 Qe6 23. Bxb8 Qxe2 24. g4 Rxb8 25. gxf5 Rbd8 26. Qe3 Qa6 27. Re1 Qa4 28. Qg5 Bxf3+ 29. Kxf3 f6 30. Qc1 Qd7 31. Re6 Rc8 32. Qf4 Rfd8 33. Kg2 Rc6 34. Rcxc6 bxc6 35. Qc1 Rc8 36. Qc5 Kf7 37. h4 g6 38. Kf1 gxf5 39. Re3 f4 40. Rb3 Qg4 41. Qxa7+ Kg6 42. h5+ Qxh5 43. Qd7 Qh1+ 44. Ke2 Qe4+ 45. Kf1 Re8 46. Rf3 h5 47. Rxf4 Qh1# 0-1

[Event "Rovno"]
[Site "Rovno"]
[Date "2000.??.??"]
[Round "11"]
[White "Tokmina, Petr"]
[Black "Labensky, Igor"]
[Result "1-0"]
[WhiteElo "2312"]
[BlackElo "2367"]
[PlyCount "69"]
[EventDate "2000.01.20"]
[EventType "tourn"]
[EventRounds "15"]
[EventCountry "UKR"]
[EventCategory "8"]
[SourceTitle "CBM 076"]
[Source "ChessBase"]
[SourceDate "2000.05.31"]
[SourceVersion "1"]
[SourceVersionDate "2000.05.31"]
[SourceQuality "1"]

1. e4 e6 2. d4 d5 3. Nc3 Nf6 4. Bg5 dxe4 5. Nxe4 Be7 6. Bxf6 gxf6 7. Nf3 b6 8. Bc4 c6 9. Qe2 a5 10. Bd3 Na6 11. a3 Nc7 12. c4 h5 13. Rd1 Kf8 14. 0-0 h4 15. Nc3 Rb8 16. Be4 Qd6 17. d5 cxd5 18. cxd5 Ba6 19. Bd3 Bxd3 20. Rxd3 Nxd5 21. Nxd5 exd5 22. Rfd1 Qe6 23. Re3 Qd7 24. Nd4 Bc5 25. Qf3 Bxd4 26. Rxd4 Rc8 27. Re1 Re8 28. Red1 Qe6 29. h3 Rg8 30. Rxd5 Qe4 31. Qxe4 Rxe4 32. R5d4 Re2 33. Rxh4 Rg5 34. b4 Rf5 35. Rh8+ 1-0

[Event "Rovno"]
[Site "Rovno"]
[Date "2000.??.??"]
[Round "7"]
[White "Tokmina, Petr"]
[Black "Lastin, Alexander"]
[Result "0-1"]
[WhiteElo "2312"]
[BlackElo "2510"]
[PlyCount "102"]
[EventDate "2000.01.20"]
[EventType "tourn"]
[EventRounds "15"]
[EventCountry "UKR"]
[EventCategory "8"]
[SourceTitle "CBM 076"]
[Source "ChessBase"]
[SourceDate "2000.05.31"]
[SourceVersion "1"]
[SourceVersionDate "2000.05.31"]
[SourceQuality "1"]

1. e4 c5 2. Nf3 e6 3. d4 cxd4 4. Nxd4 a6 5. Nc3 b5 6. g3 Bb7 7. Bg2 b4 8. Nce2 Nf6 9. Qd3 d6 10. 0-0 Nbd7 11. f3 Rc8 12. c3 d5 13. exd5 Nxd5 14. f4 Nc5 15. Qd1 bxc3 16. bxc3 Be7 17. Rb1 Bf6 18. Bd2 Ba8 19. c4 Ne7 20. Be3 Bxg2 21. Kxg2 Qc7 22. Qc2 0-0 23. h3 h5 24. Nf3 Nf5 25. Bf2 Nd6 26. Bd4 Nd7 27. Bxf6 Nxc4 28. Kh2 Nxf6 29. Rfc1 Qa5 30. Ng5 Nd6 31. Qb2 Rcd8 32. Nd4 Nf5 33. Rd1 Nxd4 34. Rxd4 Rxd4 35. Qxd4 Qxa2+ 36. Rb2 Qd5 37. Qf2 a5 38. Rd2 Qf5 39. Qd4 Nd5 40. Ra2 Rc8 41. h4 Qb1 42. Re2 Nf6 43. Rd2 Qb4 44. Qd3 a4 45. Rc2 Rxc2+ 46. Qxc2 Qb7 47. Qxa4 Ng4+ 48. Kg1 Qb1+ 49. Kg2 Qb2+ 50. Kf3 Qf2+ 51. Ke4 Qe3# 0-1

[Event "Rovno"]
[Site "Rovno"]
[Date "2000.??.??"]
[Round "2"]
[White "Varitski, Igor"]
[Black "Tokmina, Petr"]
[Result "1/2-1/2"]
[WhiteElo "2359"]
[BlackElo "2312"]
[PlyCount "33"]
[EventDate "2000.01.20"]
[EventType "tourn"]
[EventRounds "15"]
[EventCountry "UKR"]
[EventCategory "8"]
[SourceTitle "CBM 076"]
[Source "ChessBase"]
[SourceDate "2000.05.31"]
[SourceVersion "1"]
[SourceVersionDate "2000.05.31"]
[SourceQuality "1"]

1. e4 c5 2. Nf3 Nc6 3. Bb5 d6 4. c3 e6 5. 0-0 Bd7 6. d4 cxd4 7. cxd4 a6 8. Ba4 Nf6 9. Nc3 Be7 10. h3 0-0 11. a3 h6 12. Re1 Re8 13. Bc2 Bf8 14. Be3 Rc8 15. Qd3 e5 16. dxe5 dxe5 17. Rad1 1/2-1/2